Modeling, systems engineering, and project management for astronomy II (Record no. 17484)

MARC details
000 -LEADER
fixed length control field 00655nam a2200181Ia 4500
003 - CONTROL NUMBER IDENTIFIER
control field IN-BaIIA
008 - FIXED-LENGTH DATA ELEMENTS--GENERAL INFORMATION
fixed length control field 211028s9999 xx 000 0 eng d
020 ## - INTERNATIONAL STANDARD BOOK NUMBER
International Standard Book Number 0-8194-6336-1
040 ## - CATALOGING SOURCE
Transcribing agency IIA Library
080 ## - UNIVERSAL DECIMAL CLASSIFICATION NUMBER
Universal Decimal Classification number 535(082.1)
Item number SPI-6271
100 ## - MAIN ENTRY--PERSONAL NAME
Personal name Cullum, Martin J
9 (RLIN) 33019
245 #0 - TITLE STATEMENT
Title Modeling, systems engineering, and project management for astronomy II
Statement of responsibility, etc. Martin J Cullum
260 ## - PUBLICATION, DISTRIBUTION, ETC.
Place of publication, distribution, etc. Washington
Name of publisher, distributor, etc. The International Society for Optical Engineering
Date of publication, distribution, etc. 2006
300 ## - PHYSICAL DESCRIPTION
Extent [various pagings.]
650 ## - SUBJECT ADDED ENTRY--TOPICAL TERM
Topical term or geographic name entry element Ground-based telescopes-Congresses
650 ## - SUBJECT ADDED ENTRY--TOPICAL TERM
Topical term or geographic name entry element Systems engineering-Congresses
9 (RLIN) 33020
942 ## - ADDED ENTRY ELEMENTS (KOHA)
Koha item type Books
Holdings
Withdrawn status Lost status Damaged status Not for loan Home library Current library Shelving location Date acquired Source of acquisition Cost, normal purchase price Total Checkouts Full call number Barcode Date last seen Cost, replacement price Price effective from Koha item type Purchase Price
        IIA Library-Bangalore IIA Library-Bangalore General Stacks 09/10/2009 ANJ 4241.44   535(082.1)/ SPI-6271 18406 05/11/2021 4241.44 09/10/2009 Books Rs. 4241.44

Powered by Koha